banner-ar

HEBREW AND ARAMAIC INCANTATION TEXTS FROM THE CAIRO GENIZAH / (Record no. 11714)

MARC details
000 -الفاتح
حقل البيانات ثابتة الطول 00525nam a2200193Ia 4500
008 - عناصر البيانات ثابتة الطول - معلومات عامة
حقل البيانات ثابتة الطول 140319s9999 xx 000 0 eng d
040 ## - مصدر الفهرسة
وكالة الفهرسة الأصلية GCL /
وكالة النسخ GCL
082 04 - رقم تصنيف ديوى العشرى
رقم التصنيف CC
رقم المادة 221.44
-- S H
100 1# - المدخل الرئيسى - إسم شخصى
الإسم الشخصى SCHIFFMAN, LAWRENCE
245 10 - بيان العنوان
العنوان HEBREW AND ARAMAIC INCANTATION TEXTS FROM THE CAIRO GENIZAH /
بيان المسئوليه,etc SCHIFFMAN, LAWRENCE
300 ## - الوصف المادى
التعداد 183 PP
650 04 - المدخل الاضافى بالموضوع-مصطلح موضوعى
مصطلح موضوعي EGYPT
650 04 - المدخل الاضافى بالموضوع-مصطلح موضوعى
مصطلح موضوعي JEWISH
650 04 - المدخل الاضافى بالموضوع-مصطلح موضوعى
مصطلح موضوعي MANUSCRIPTS
650 04 - المدخل الاضافى بالموضوع-مصطلح موضوعى
مصطلح موضوعي JEWISH - RELIGION
942 ## - عناصر المدخل الإضافي( كوها)
مصدر التصنيف او مخطط الترفيف Dewey Decimal Classification
Koha [default] item type كتاب
260 ## - PUBLICATION, DISTRIBUTION, ETC. (IMPRINT)
-- [S.N] :
-- SHEFFIELD ACADEMIC PRESS
Holdings
حالة التراجع حالة الفقد حالة تلف ليس للاعارة المكان المؤقت الموقع الحالى تاريخ الاكتساب اجمالي اﻻعارات رقم الطلب الباركود تاريخ اخر مشاهدة تاريخ تفعيل السعر نوع وعاء كوها
        مكتبة القاهرة الكبرى مكتبة القاهرة الكبرى 03/26/2014   CC\221.44\S H 23035 03/26/2014 03/26/2014 كتاب

Powered By

EGPV